[Event "Online Olym Div3 C 2021"]
[Site "chess.com INT"]
[Date "2021.08.27"]
[Round "2.5"]
[Board "1"]
[White "Mohamed, Saeed Laily"]
[Black "Miguel, Sergio"]
[Result "0-1"]
[WhiteTitle "CM"]
[BlackTitle "FM"]
[WhiteElo "1904"]
[BlackElo "2286"]
[WhiteTeam "United Arab Emirates"]
[BlackTeam "Angola"]
[WhiteFideId "9314946"]
[BlackFideId "10100792"]
[EventDate "2021.08.27"]
[EventType "team"]

1. d4 Nf6 2. Nc3 d5 3. Bf4 e6 4. e3 Bb4 5. Bd3 c5 6. Bb5+ Nc6 7. Ne2 Nh5 8. O-O
O-O 9. dxc5 Nxf4 10. exf4 Bxc5 11. a3 a6 12. Bd3 b5 13. b4 Be7 14. Qd2 Bb7 15.
Ng3 g6 16. Nce2 Qd7 17. c3 Rfd8 18. a4 bxa4 19. Rxa4 Ne5 20. Ra5 Nxd3 21. Qxd3
Qc7 22. Qd4 Bc6 23. Nc1 Bb5 24. Re1 Bf8 25. Nd3 Bg7 26. Ne5 Rac8 27. Ra3 f6 28.
Nd3 Qf7 29. Nc5 e5 30. Qd2 Bh6 31. Ne2 Bf8 32. Nxa6 d4 33. cxd4 exd4 34. h3 d3
35. Ng3 Rc2 36. Qe3 Re8 37. Ne4 f5 38. Nac5 fxe4 39. Nxe4 Bxb4 0-1

[Event "Online Olym Div3 C 2021"]
[Site "chess.com INT"]
[Date "2021.08.27"]
[Round "2.5"]
[Board "3"]
[White "Fatima, Saif Al-Ali"]
[Black "Junior, Ednasia"]
[Result "0-1"]
[WhiteTitle "WCM"]
[BlackTitle "WFM"]
[WhiteElo "1352"]
[BlackElo "1845"]
[WhiteTeam "United Arab Emirates"]
[BlackTeam "Angola"]
[WhiteFideId "9312420"]
[BlackFideId "10105980"]
[EventDate "2021.08.27"]
[EventType "team"]

1. e4 c5 2. Nf3 e6 3. d4 cxd4 4. Nxd4 a6 5. Nc3 Qc7 6. Be3 Nf6 7. a3 b5 8. Bd3
b4 9. axb4 Bxb4 10. Ne2 d5 11. exd5 Nxd5 12. Bd4 e5 13. O-O Nxc3 14. Bxc3 Bxc3
15. Nxc3 O-O 16. Qh5 g6 17. Qe2 Bb7 18. Rfe1 f6 19. Bc4+ Kg7 20. Nd5 Bxd5 21.
Bxd5 Ra7 22. Ra3 Qd6 23. Rd1 Rd8 24. Rad3 Qb4 25. Rb3 Qd6 26. Rbd3 Qc5 27. Rc3
Qe7 28. g3 Rad7 29. Rcd3 Qb4 30. Rb3 Qa5 31. Ra3 Qb5 32. c4 Qb4 33. Qc2 Qc5 34.
Rad3 a5 35. Be6 Rd4 36. Bd5 Na6 37. Qc3 Rxd3 38. Rxd3 Nb4 39. Rd2 Nxd5 40. cxd5
Rxd5 41. Rxd5 Qxd5 42. Qc7+ Kh6 43. Qc1+ g5 44. Qc3 a4 45. Qb4 Qb3 46. Qf8+ Kg6
47. Qe8+ Kf5 48. Qd7+ Ke4 49. Qxh7+ f5 50. Qa7 Qxb2 51. Qxa4+ Qd4 52. Qc2+ Qd3
53. Qa4+ Kf3 54. Qa6 Qxa6 0-1

[Event "Online Olym Div3 C 2021"]
[Site "chess.com INT"]
[Date "2021.08.28"]
[Round "5.1"]
[Board "1"]
[White "Jankunas, Tomas"]
[Black "Ermeni, Avni"]
[Result "1-0"]
[BlackTitle "FM"]
[WhiteElo "2105"]
[BlackElo "2149"]
[WhiteTeam "ICCD"]
[BlackTeam "Kosovo"]
[WhiteFideId "12805165"]
[BlackFideId "912840"]
[EventDate "2021.08.27"]
[EventType "team"]

1. e4 e5 2. Nf3 Nc6 3. Nc3 Nf6 4. d4 exd4 5. Nxd4 Bb4 6. Nxc6 bxc6 7. Bd3 O-O 8.
O-O h6 9. e5 Bxc3 10. bxc3 Nd5 11. Bxh6 gxh6 12. f4 f5 13. exf6 Qxf6 14. Rf3 d6
15. Rg3+ Kh8 16. Rg6 Qxf4 17. Qh5 Bf5 18. Rxh6+ Kg8 19. Rg6+ Kf7 20. Rg4+ Ke7
21. Rxf4 Nxf4 22. Qg5+ Rf6 23. Bxf5 Rf8 24. Re1+ Kd8 25. g3 Nd5 26. Re6 1-0

[Event "Online Olym Div3 C 2021"]
[Site "chess.com INT"]
[Date "2021.08.29"]
[Round "8.4"]
[Board "3"]
[White "von Erichsen, Annegret"]
[Black "Besa, Masaiti"]
[Result "0-1"]
[WhiteTitle "WCM"]
[BlackTitle "WFM"]
[WhiteElo "1998"]
[BlackElo "1708"]
[WhiteTeam "ICCD"]
[BlackTeam "Botswana"]
[WhiteFideId "24622788"]
[BlackFideId "11310570"]
[EventDate "2021.08.27"]
[EventType "team"]

1. Nc3 c5 2. e4 g6 3. f4 Bg7 4. Nf3 Nc6 5. Bc4 Nf6 6. d3 d6 7. O-O O-O 8. Qe1 a6
9. a4 e6 10. f5 d5 11. Bb3 d4 12. Ne2 exf5 13. Qh4 Nh5 14. Bg5 Bf6 15. Nf4 Bxg5
16. Nxg5 h6 17. Nxg6 Qxg5 18. Qxg5 hxg5 19. Nxf8 Kxf8 20. exf5 Ne5 21. Rae1 f6
22. h3 Ke7 23. Bd5 Rb8 24. Be4 Bd7 25. b3 Rh8 26. Kf2 Nf4 27. Rh1 b6 28. g3
Nxh3+ 29. Kg2 g4 30. Rh2 Kd6 31. Reh1 Nf7 32. Kf1 Nfg5 33. Kg2 Re8 34. Re1 Bxf5
35. Rhh1 Bxe4+ 36. dxe4 Nxe4 37. Rhf1 Ke5 38. Re2 f5 39. Rfe1 Ng5 40. Rh1 Nh3
41. Rhe1 Kd5 42. Rh1 f4 43. Ree1 f3+ 44. Kf1 Nd2# 0-1